101 essays that will change the way you think (Record no. 114413)

MARC details
000 -LEADER
fixed length control field 00426 a2200157 4500
005 - DATE AND TIME OF LATEST TRANSACTION
control field 20260307145756.0
008 - FIXED-LENGTH DATA ELEMENTS--GENERAL INFORMATION
fixed length control field 250620b |||||||| |||| 00| 0 eng d
020 ## - INTERNATIONAL STANDARD BOOK NUMBER
International Standard Book Number 9789355434036
080 ## - UNIVERSAL DECIMAL CLASSIFICATION NUMBER
Universal Decimal Classification number 820-4
Item number WIE/O
100 ## - MAIN ENTRY--PERSONAL NAME
Personal name Wiest, Brianna
245 ## - TITLE STATEMENT
Title 101 essays that will change the way you think
260 ## - PUBLICATION, DISTRIBUTION, ETC. (IMPRINT)
Name of publisher, distributor, etc Amaryllis.
Place of publication, distribution, etc Noida.
Date of publication, distribution, etc 2016.
300 ## - PHYSICAL DESCRIPTION
Extent 441p.
653 ## - INDEX TERM--UNCONTROLLED
Uncontrolled term Essays-Self Help-English literature
942 ## - ADDED ENTRY ELEMENTS (KOHA)
item type Books
Holdings
Lost status Source of classification or shelving scheme Not for loan Home library Current library Date acquired Cost, normal purchase price Total Checkouts Full call number Barcode Date last seen Cost, replacement price Price effective from Koha item type Public note
  Universal Decimal Classification Not For Loan University Library University Library 27/02/2025 479.20   820-4 WIE/O 00096771 27/02/2025 599.00 27/02/2025 Books Processing
University Library, CUSAT